000 00875cpcaa2200253 4500
001 mm 81001164
003 DLC
005 20260227111705.0
008 810717|||||||||||| eng
010 _amm 81001164
040 _aDLC
_cDLC
_edacs
_dDLC
072 7 _aL
_2lcmd
100 1 _aCoppard, A. E.
_q(Alfred Edgar),
_d1878-1957.
245 0 0 _aA.E. Coppard papers,
_f1923-1939.
300 _a5
_fitems.
506 0 _aOpen to research.
545 0 _aAuthor and poet.
546 _aCollection material in English.
580 _aForms part of: Miscellaneous Manuscripts collection.
656 7 _aAuthors.
_2itoamc
656 7 _aPoets.
_2itoamc
999 _c42969
_d42969